ბათუმის შოთა რუსთაველის სახელმწიფო უნივერსიტეტის ბიბლიოთეკა

სამრეწველო ელექტრონიკა (ზოგადი კურსი) : სახელმძღვ. / (ბიბ.ჩანაწერი № 39679)

000 -ლიდერი
ფიქსირებული სიგრძის საკონტროლო ველი 01090nam a2200229Ia 4500
001 - საკონტროლო ნომერი
საკონტროლო ველი 6282
003 - საკონტროლო ნომრის იდენტიფიკატორი
საკონტროლო ველი GE_BSU
005 - ბოლო ოპერაციის თარიღი და დრო
საკონტროლო ველი 20190627194240.0
008 - ფიქსირებული სიგრძის მონაცემთა ელემენტები - ზოგადი ინფორმაცია
ფიქსირებული სიგრძის საკონტროლო ველი 181216s1966|||| |||||||||||||| ||ge ||
041 ## - ენის კოდი
Language code of text/sound track or separate title geo
080 ## - უნივერსალური ათობითი კლასიფიკაციის ინდექსი
Universal Decimal Classification number 621.38(075.8) კ-12
100 ## - მთავარი ჩანაწერი - პიროვნების სახელი
Personal name კაგანოვი,ი. დ.
9 (RLIN) 3015
245 ## - ცნობა სათაურის შესახებ
Title სამრეწველო ელექტრონიკა (ზოგადი კურსი) : სახელმძღვ. /
Statement of responsibility, etc ი.დ. კაგანოვი ; მთარგმნ. მ.გურგენიძე ; რედ : ვ.კობიაშვილი.
264 ## - წარმოების, გამოცემის, დისტრიბუციის და სხვა ცნობები
გამოცემის, წარმოების, დისტრიბუციის... ადგილი თბილისი :
გამოცემის, წარმოების, დისტრიბუციის... სახელწოდება განათლება,
გამოცემის, წარმოების, დისტრიბუციის... თარიღი 1966.
300 ## - ფიზიკური აღწერა
Extent 552 გვ .:
Other physical details ილ ;
Dimensions 20 სმ.
504 ## - BIBLIOGRAPHY, ETC. NOTE
Bibliography, etc ბიბლიოგრ.:გვ.553
653 ## - INDEX TERM--UNCONTROLLED
Uncontrolled term სამრეწველო ელექტრონიკა
653 ## - INDEX TERM--UNCONTROLLED
Uncontrolled term ტექნიკა
700 ## - ADDED ENTRY--PERSONAL NAME
Personal name გურგენიძე, მ
Relator term მთარგმნელი
9 (RLIN) 3016
700 ## - ADDED ENTRY--PERSONAL NAME
Personal name .კობიაშვილი, ვ
Relator term რედაქტორი
9 (RLIN) 2844
942 ## - ADDED ENTRY ELEMENTS (KOHA)
Koha item type წიგნი
Source of classification or shelving scheme
ეგზემპლარები
ჩამოწერის სტატუსი დაკარგული ეგზემპლარის სტატუსი კლასიფიკაციის წყარო ან თაროზე გაწყობის სქემა დაზიანების სტატუსი არ გაიცემა მუდმივი მდებარეობა (დაცვის ადგილი) ამჟამინდელი ადგილსამყოფელი თაროზე განთავსების ადგილი შეძენის თარიღი ღირებულება, შესყიდვის ნორმალური ფასი სრული შენახვის შიფრი შტრიხკოდი ბოლო ოპერაციის თარიღი ეგზემპლარის მიმდევრობითი ნომერი (კეტერი?) ფასის ძალაში შესვლის თარიღი ეგზემპლარის სახეობა საჯარო შენიშვნა
          ტექნოლოგიური ფაკულტეტის ბიბლიოთეკა ტექნოლოგიური ფაკულტეტის ბიბლიოთეკა წიგნსაცავი 2018-12-17 2.00 621.38(075.8) კ-12 10976 2018-12-17 10976 2018-12-17 წიგნი 2 ლ. 14 თ.
          ტექნოლოგიური ფაკულტეტის ბიბლიოთეკა ტექნოლოგიური ფაკულტეტის ბიბლიოთეკა წიგნსაცავი 2018-12-17 2.00 621.38(075.8) კ-12 10977 2018-12-17 10977 2018-12-17 წიგნი 2 ლ. 14 თ.
          ტექნოლოგიური ფაკულტეტის ბიბლიოთეკა ტექნოლოგიური ფაკულტეტის ბიბლიოთეკა წიგნსაცავი 2018-12-17 2.00 621.38(075.8) კ-12 10978 2018-12-17 10978 2018-12-17 წიგნი 2 ლ. 14 თ.
          ტექნოლოგიური ფაკულტეტის ბიბლიოთეკა ტექნოლოგიური ფაკულტეტის ბიბლიოთეკა წიგნსაცავი 2018-12-17 2.00 621.38(075.8) კ-12 10979 2018-12-17 10979 2018-12-17 წიგნი 2 ლ. 14 თ.
          ტექნოლოგიური ფაკულტეტის ბიბლიოთეკა ტექნოლოგიური ფაკულტეტის ბიბლიოთეკა წიგნსაცავი 2018-12-17 2.00 621.38(075.8) კ-12 10980 2018-12-17 10980 2018-12-17 წიგნი 2 ლ. 14 თ.
          ტექნოლოგიური ფაკულტეტის ბიბლიოთეკა ტექნოლოგიური ფაკულტეტის ბიბლიოთეკა წიგნსაცავი 2018-12-17 2.00 621.38(075.8) კ-12 10981 2018-12-17 10981 2018-12-17 წიგნი 2 ლ. 14 თ.
          ტექნოლოგიური ფაკულტეტის ბიბლიოთეკა ტექნოლოგიური ფაკულტეტის ბიბლიოთეკა წიგნსაცავი 2018-12-17 2.00 621.38(075.8) კ-12 10982 2018-12-17 10982 2018-12-17 წიგნი 2 ლ. 14 თ.
          ტექნოლოგიური ფაკულტეტის ბიბლიოთეკა ტექნოლოგიური ფაკულტეტის ბიბლიოთეკა წიგნსაცავი 2018-12-17 2.00 621.38(075.8) კ-12 10983 2018-12-17 10983 2018-12-17 წიგნი 2 ლ. 14 თ.
          ტექნოლოგიური ფაკულტეტის ბიბლიოთეკა ტექნოლოგიური ფაკულტეტის ბიბლიოთეკა წიგნსაცავი 2018-12-17 2.00 621.38(075.8) კ-12 10984 2018-12-17 10984 2018-12-17 წიგნი 2 ლ. 14 თ.
          ტექნოლოგიური ფაკულტეტის ბიბლიოთეკა ტექნოლოგიური ფაკულტეტის ბიბლიოთეკა წიგნსაცავი 2018-12-17 2.00 621.38(075.8) კ-12 10985 2018-12-17 10985 2018-12-17 წიგნი 2 ლ. 14 თ.